Normal view
MARC view
- Best books
Entry Topical Term
001 - CONTROL NUMBER
- control field: 49189
003 - CONTROL NUMBER IDENTIFIER
- control field: NUST
005 - DATE AND TIME OF LATEST TRANSACTION
- control field: 20210314134257.0
008 - FIXED-LENGTH DATA ELEMENTS
- fixed length control field: 210314|| aca||aabn | a|a d
040 ## - CATALOGING SOURCE
- Original cataloging agency: NUST
- Transcribing agency: NUST
150 ## - HEADING--TOPICAL TERM
- Topical term or geographic name entry element: Best books
670 ## - SOURCE DATA FOUND
- Source citation: Work cat.: (NUST): Good reading /, 1934-
